000 00419nam a2200157Ia 4500
008 221030s9999 xx 000 0 und d
020 _a8120310535
041 _aEnglish
082 _a105.23
_bCom
100 _aD. E. Comer
245 0 _aInternetworking With TCP/ IP Vol. I : Principles,Protocols & Architecture
_cby D. E. Comer
260 _bPHI
_aIndia
_c2001
300 _a613
650 _aBE Computer
942 _cBK
999 _c7680
_d7680